000 005850000a22001810004500
041 0 _aENG
082 0 4 _aG 173 M9811c
100 1 _aMurray, Andrew (1828- 1917)
245 1 0 _aThe children for Christ : Thoughts for christian parents on the consecration of the home life / Andrew Murray
260 _aChicago, USA : Fleming H. Revell
300 _a448 Pag.
650 1 4 _aEDUCACION CRISTIANA - SERMONES \ EDUCACION CRISTIANA - HOGAR
001 1230
942 _cBK
999 _c32553
_d32553
336 _atexto
_btxt
_2rdacontent
337 _2rdamedia
_asin mediación
_bn
338 _2rdacarrier
_avolumen
_bnc